Estadísticas para Países con el mayor número de millonarios

Haz click aquí para intentar la prueba.

Estadísticas generales

  • Esta prueba ha sido intentada 2.792 veces
    (1.100 desde el último reinicio)
  • La puntuación promedio es 17 de 20

Estadísticas de respuestas

MillonariosPaís% Correcto
22.710 milEstados Unidos
100%
6.850 milChina
98%
1.135 milEspaña
97%
2.821 milFrancia
97%
2.627 milAlemania
95%
408 milRusia
95%
2.032 milCanadá
92%
2.757 milJapón
92%
2.556 milReino Unido
92%
1.335 milItalia
91%
393 milMéxico
91%
849 milIndia
88%
413 milBrasil
86%
1.840 milAustralia
82%
1.097 milSuiza
82%
467 milSuecia
77%
1.254 milCorea del Sur
73%
1.175 milPaíses Bajos
67%
535 milBélgica
65%
765 milTaiwán
35%

Distribución de puntuación

Porcentaje por número respondido

Porcentaje de gente con cada puntuación

Historial de tus puntuaciones

No has intentado esta prueba desde el último reinicio